Loved to love : (Record no. 10071)

MARC details
000 -LEADER
fixed length control field 00736nam a22002297a 4500
003 - CONTROL NUMBER IDENTIFIER
control field GBCCL
005 - DATE AND TIME OF LATEST TRANSACTION
control field 20241126110724.0
008 - FIXED-LENGTH DATA ELEMENTS--GENERAL INFORMATION
fixed length control field 240229b ||||| |||| 00| 0 eng d
020 ## - INTERNATIONAL STANDARD BOOK NUMBER
International Standard Book Number 9789389069174,
020 ## - INTERNATIONAL STANDARD BOOK NUMBER
International Standard Book Number 9389069173
040 ## - CATALOGING SOURCE
Transcribing agency gbc
082 ## - DEWEY DECIMAL CLASSIFICATION NUMBER
Classification number 259.4
Item number BIP
100 ## - MAIN ENTRY--PERSONAL NAME
Personal name Bipinlal ,L. V.
9 (RLIN) 17478
245 ## - TITLE STATEMENT
Title Loved to love :
Remainder of title marital quality of childless couples /
Statement of responsibility, etc. L. V. Bipinlal
260 ## - PUBLICATION, DISTRIBUTION, ETC.
Place of publication, distribution, etc. Bangalore,
Name of publisher, distributor, etc. Omega Book World,
Date of publication, distribution, etc. 2019
300 ## - PHYSICAL DESCRIPTION
Extent xxiii, 97 pages ;
Dimensions 21 cm
650 ## - SUBJECT ADDED ENTRY--TOPICAL TERM
Topical term or geographic name entry element Childlessness
9 (RLIN) 17479
650 ## - SUBJECT ADDED ENTRY--TOPICAL TERM
Topical term or geographic name entry element Childlessness
Geographic subdivision India
-- Trivandrum (District)
9 (RLIN) 17480
650 ## - SUBJECT ADDED ENTRY--TOPICAL TERM
Topical term or geographic name entry element Interpersonal relations
9 (RLIN) 937
650 ## - SUBJECT ADDED ENTRY--TOPICAL TERM
Topical term or geographic name entry element Pastoral counseling
Geographic subdivision India
-- Trivandrum (District)
9 (RLIN) 17481
942 ## - ADDED ENTRY ELEMENTS (KOHA)
Source of classification or shelving scheme Dewey Decimal Classification
Koha item type Books
Holdings
Withdrawn status Lost status Source of classification or shelving scheme Damaged status Not for loan Home library Current Library Shelving location Date acquired Total checkouts Full call number Barcode Date last seen Copy number Price effective from Koha item type
    Dewey Decimal Classification     GRACE BIBLE COLLEGE GRACE BIBLE COLLEGE Ministry & Mission 2024-02-29   259.4 BIP 016522 2025-05-01 c.1 2024-02-29 Books
© Grace Bible College Library 2025